Alle Boden Pokemon 1. Generation - Statistiken

Allgemein
  • Dieses Quiz wurde 47 mal gespielt
  • Das Durchschnittsergebnis liegt bei 12 aus 14
Antwortstatistiken
Antwort % Korrekt
Georok
92%
Sandamer
92%
Digda
89%
Digdri
89%
Geowaz
89%
Kleinstein
89%
Sandan
89%
Onix
86%
Rihorn
86%
Rizeros
86%
Nidoking
69%
Nidoqueen
69%
Knogga
67%
Tragosso
67%
Keine übereinstimmenden Quizze gefunden
Verteilung der Resultate
Anzahl Personen mit jedem Resultat
Perzentil nach korrekt beantworteten Fragen
Ihre Resultats-Entwicklung
Sie haben dieses Quiz noch nicht gespielt